000 00608nam a2200241Ia 4500
003 OSt
005 20221007101247.0
006 a|||||r|||| 00| 0
007 ta
008 221006b |||||||| |||| 00| 0 eng d
024 _a6,127
037 _cTextual
040 _aLCO
_cLCO
_beng
041 _2eng
_aeng
082 _aZ3,181y7, L2
100 _aOLIVER MARY C
_9702770
245 0 _aCases in Company Law.
260 _aLondon
_bMacdonald Ltd.
_c1972
300 _a386
650 _aCOMPANY LAW
942 _hZ3,181y7, L2
_cTEXL
999 _c1175690
_d1175690